| 000 | 00573nam a22001937a 4500 | ||
|---|---|---|---|
| 999 |
_c6766 _d6766 |
||
| 003 | OSt | ||
| 005 | 20210215094128.0 | ||
| 008 | 210215b ||||| |||| 00| 0 eng d | ||
| 020 | _a9781906190200 | ||
| 040 | _cDDC | ||
| 082 | _a809.8SHR 2008. | ||
| 100 |
_aEdited by Bourne, Richard; _913874 |
||
| 245 |
_aShridath Ramphal :The common wealth and the world; _bEssays in honour of his 80th Birth Day. |
||
| 260 |
_aLondon; _bHansib Publications. _c2008. |
||
| 300 |
_ax,206p; _bill; _c26cm. |
||
| 504 | _aincludes index. | ||
| 650 |
_aEssays. _913875 |
||
| 942 |
_2ddc _cO_SHELF |
||